Ładuje się......
G.K. Chesterton : the paradoxical sage.
| 1. autor: | |
|---|---|
| Format: | Ph.D Thesis |
| Język: | English |
| Wydane: |
University of Calicut :
Dept.of English ,
c1992 .
|
| LEADER | 00418nam a22001217a 4500 | ||
|---|---|---|---|
| 008 | 180212b xxu||||| |||| 00| 0 eng d | ||
| 100 | |a Fr. P.O. Antony | ||
| 245 | |a G.K. Chesterton : |b the paradoxical sage. | ||
| 260 | |a University of Calicut : |b Dept.of English , |c c1992 . | ||
| 300 | |b 249p. | ||
| 942 | |c TH | ||
| 999 | |c 201341 |d 201341 | ||
| 952 | |0 0 |1 0 |4 0 |7 0 |9 222834 |a ENG |b ENG |c ST1 |d 2018-02-12 |i TH 43 |l 0 |p ENGTH 43 |r 2018-02-12 |w 2018-02-12 |y TH | ||